| 000 | 00559cam a22002057a 4500 | ||
|---|---|---|---|
| 001 | 001454 | ||
| 003 | armpunfd | ||
| 005 | 20140612090640.0 | ||
| 008 | 040225e0####xx#a##########000#0#und#d | ||
| 040 |
_aarmpunfd _carmpunfd |
||
| 080 | _a347.91 G 932 | ||
| 100 | 1 | 0 | _a Guasp, Jaime |
| 245 | 1 | 0 | _aDeercho procesal civil |
| 260 |
_a Adrid : Instituto De Estudios _b1956. 1695 P. |
||
| 650 | 7 |
_a Derecho Procesal Civil _2LEMB |
|
| 650 | 7 |
_a Procesal Civil _2LEMB |
|
| 650 | 7 |
_a Proceso Civil _2LEMB |
|
| 942 |
_cLB _2cdu |
||
| 945 |
_aCatalis _d2010-08-19 |
||
| 999 |
_c1445 _d231949 |
||